Obchody na parkete BCPB v roku 1995 stagnovali
Obchodovanie na BCPB v r.1995. Štruktúra obchodov, oživenie obchodu so štátnymi dlhopismi. Objem burzových obchodov s kótovanými akciami a objem obchodov s nekótovanými akciami. Oznamovanie spoločného kurzu BCPB a RM-S, tzv. spoločný priemerný kurz akcií. Grafický vývoj akciového indexu SAX za r.199...
Salvato in:
| Autore principale: | |
|---|---|
| Natura: | Capitolo di libro |
| Lingua: | ceco |
| Soggetti: | |
| Tags: |
Nessun Tag, puoi essere il primo ad aggiungerne!!
|
MARC
| LEADER | 00000naa a2200000 4500 | ||
|---|---|---|---|
| 001 | r019524 | ||
| 005 | 20230810080416.2 | ||
| 041 | 0 | |a cze | |
| 044 | |a CZ | ||
| 245 | 1 | 0 | |a Obchody na parkete BCPB v roku 1995 stagnovali |c Juraj Vechter |
| 520 | |a Obchodovanie na BCPB v r.1995. Štruktúra obchodov, oživenie obchodu so štátnymi dlhopismi. Objem burzových obchodov s kótovanými akciami a objem obchodov s nekótovanými akciami. Oznamovanie spoločného kurzu BCPB a RM-S, tzv. spoločný priemerný kurz akcií. Grafický vývoj akciového indexu SAX za r.1995 a na začiatku r.1996. | ||
| 610 | 2 | 0 | |a trh kapitálový |
| 610 | 2 | 0 | |a BCP Bratislava |
| 610 | 2 | 0 | |a RM-Systém Slovakia |
| 610 | 2 | 0 | |a obchody burzové |
| 610 | 2 | 0 | |a obchody mimoburzové |
| 610 | 2 | 0 | |a dlhopisy |
| 610 | 2 | 0 | |a indexy burzové |
| 610 | 2 | 0 | |a kurz burzový |
| 610 | 2 | 0 | |a Slovensko |
| 610 | 2 | 0 | |a 1995 |
| 100 | 1 | |a Vechter, Juraj | |